000 00698nam a2200217 a 4500
999 _c3859
_d3859
001 3859
003 BD-JhCC
005 20180404184131.0
008 171119s1995 bg |||| ||a| 000 0 ben d
035 _a(BD-JhCC)3859
040 _aBD-JhCC
_dBD-JhCC
041 _aben
082 _a891.4415
_bISL1995
100 _aইসলাম, কাজী নজরুল
245 _aঅগ্নি-বীণা /
_cকাজী নজরুল ইসলাম,
260 _aবরিশাল :
_bমিতা পাবলিকেশন,
_bনজরুল ইন্সটিটিউট,
_c1995.
300 _a63 p. :
_c18 cm.
650 _aRevoltionary Poems
942 _2ddc
_cBK